[Event "WJCC U20 Girls 2019"]
[Site "New Delhi"]
[Date "2019.10.22"]
[Round "8.44"]
[White "Arushi Kotwal"]
[Black "Du Plessis, Anika"]
[Result "1-0"]
[WhiteElo "1657"]
[BlackElo "1594"]
[Annotator "NA"]
[PlyCount "143"]
[EventDate "2019.10.15"]
[EventType "swiss"]
[EventCountry "IND"]
[SourceTitle "playchess.com"]
[Source "ChessBase"]
[SourceQuality "1"]
[TimeControl "40/5400+30:1800+30"]

1. d4 {[%emt 0:00:00]} d5 {[%emt 0:00:00]} 2. Nf3 {[%emt 0:00:00]} Nf6 {[%emt 0:00:00]} 3. c4 {[%emt 0:00:00]} e6 {[%emt 0:00:00]} 4. g3 {[%emt 0:00:00]} dxc4 {[%emt 0:02:13]} 5. Qa4+ {[%emt 0:01:12]} Nbd7 {[%emt 0:01:26]} 6. Bg2 {[%emt 0:00:09]} c5 {[%emt 0:02:00]} 7. Qxc4 {[%emt 0:09:56]} Be7 {[%emt 0:06:36]} 8. O-O {[%emt 0:01:33]} O-O {[%emt 0:00:25]} 9. dxc5 {[%emt 0:02:19]} Bxc5 {[%emt 0:05:11]} 10. b4 {[%emt 0:03:21]} Be7 {[%emt 0:02:09]} 11. Rd1 {[%emt 0:05:59]} Nd5 {[%emt 0:05:21]} 12. a3 {[%emt 0:02:56]} Bf6 {[%emt 0:08:33]} 13. Ra2 {[%emt 0:00:35]} N7b6 {[%emt 0:00:53]} 14. Qb3 {[%emt 0:00:55]} Bd7 {[%emt 0:04:33]} 15. a4 {[%emt 0:13:34]} Qe7 {[%emt 0:13:12]} 16. b5 {[%emt 0:01:27]} Qb4 {[%emt 0:08:22]} 17. Qxb4 {[%emt 0:04:36]} Nxb4 {[%emt 0:00:05]} 18. Rad2 {[%emt 0:00:08]} N4d5 {[%emt 0:04:35]} 19. e4 {[%emt 0:03:19]} Nc3 {[%emt 0:05:39]} 20. Nxc3 {[%emt 0:00:34]} Bxc3 {[%emt 0:00:03]} 21. Rxd7 {[%emt 0:00:34]} Nxd7 {[%emt 0:00:20]} 22. Rxd7 {[%emt 0:00:10]} Rfd8 {[%emt 0:01:30]} 23. Rxd8+ {[%emt 0:00:33]} Rxd8 {[%emt 0:00:04]} 24. Be3 {[%emt 0:00:44]} Rd1+ {[%emt 0:02:58]} 25. Bf1 {[%emt 0:00:05]} Ra1 {[%emt 0:03:38]} 26. Bxa7 {[%emt 0:00:27]} Rxa4 {[%emt 0:00:17]} 27. Be3 {[%emt 0:00:12]} Rxe4 {[%emt 0:01:45]} 28. Bd3 {[%emt 0:00:21]} Ra4 {[%emt 0:01:36]} 29. Kf1 {[%emt 0:03:03]} h6 {[%emt 0:05:24]} 30. Nd2 {[%emt 0:01:51]} Bd4 {[%emt 0:05:27]} 31. Bxd4 {[%emt 0:00:15]} Rxd4 {[%emt 0:00:04]} 32. Ke2 {[%emt 0:00:08]} Kf8 {[%emt 0:00:38]} 33. Nc4 {[%emt 0:00:53]} Ke7 {[%emt 0:01:07]} 34. Na5 {[%emt 0:00:33]} Rd7 {[%emt 0:00:18]} 35. Ke3 {[%emt 0:03:49]} Kd6 {[%emt 0:02:32]} 36. Kd4 {[%emt 0:02:31]} Kc7+ {[%emt 0:02:14]} 37. Kc4 {[%emt 0:04:42]} Kb6 {[%emt 0:01:18]} 38. Nb3 {[%emt 0:00:36]} Rc7+ {[%emt 0:00:43]} 39. Kb4 {[%emt 0:00:26]} Rd7 {[%emt 0:01:57]} 40. Nc5 {[%emt 0:04:00]} Rd4+ {[%emt 0:02:34]} 41. Bc4 {[%emt 0:30:09]} Kc7 {[%emt 0:32:15]} 42. Nd3 {[%emt 0:02:43]} Kb6 {[%emt 0:00:00]} 43. Kc3 {[%emt 0:00:00]} Rd7 {[%emt 0:00:00]} 44. Ne5 {[%emt 0:00:00]} Rc7 {[%emt 0:00:00]} 45. Kb4 {[%emt 0:00:00]} f6 {[%emt 0:00:00]} 46. Ng4 {[%emt 0:00:00]} Rc5 {[%emt 0:00:00]} 47. Ne3 {[%emt 0:00:00]} Re5 {[%emt 0:00:00]} 48. Bd3 {[%emt 0:00:00]} Kc7 {[%emt 0:00:00]} 49. Nc4 {[%emt 0:00:00]} Re1 {[%emt 0:00:00]} 50. b6+ {[%emt 0:00:00]} Kc6 {[%emt 0:00:00]} 51. h4 {[%emt 0:00:00]} f5 {[%emt 0:00:47]} 52. h5 {[%emt 0:00:00]} Rd1 {[%emt 0:00:55]} 53. Bc2 {[%emt 0:00:00]} Re1 {[%emt 0:01:33]} 54. Ba4+ {[%emt 0:00:00]} Kd5 {[%emt 0:00:12]} 55. Na5 {[%emt 0:00:50]} Re4+ {[%emt 0:01:00]} 56. Kb5 {[%emt 0:01:13]} Rxa4 {[%emt 0:00:40]} 57. Kxa4 {[%emt 0:00:09]} Kc5 {[%emt 0:00:01]} 58. Nxb7+ {[%emt 0:00:16]} Kxb6 {[%emt 0:00:07]} 59. Nd8 {[%emt 0:00:04]} Kc7 {[%emt 0:01:48]} 60. Nxe6+ {[%emt 0:00:14]} Kd6 {[%emt 0:00:05]} 61. Nxg7 {[%emt 0:00:49]} Ke5 {[%emt 0:00:25]} 62. Kb3 {[%emt 0:01:58]} Kf6 {[%emt 0:01:28]} 63. Ne8+ {[%emt 0:02:17]} Kg5 {[%emt 0:00:32]} 64. Nd6 {[%emt 0:02:21]} f4 {[%emt 0:00:37]} 65. gxf4+ {[%emt 0:00:39]} Kxf4 {[%emt 0:00:31]} 66. Nf7 {[%emt 0:00:12]} Kg4 {[%emt 0:00:05]} 67. Nxh6+ {[%emt 0:00:04]} Kxh5 {[%emt 0:00:03]} 68. Nf5 {[%emt 0:00:30]} Kg4 {[%emt 0:00:21]} 69. Nd4 {[%emt 0:00:06]} Kf4 {[%emt 0:01:08]} 70. Kc3 {[%emt 0:00:51]} Ke5 {[%emt 0:01:00]} 71. Kd3 {[%emt 0:00:18]} Kf4 {[%emt 0:00:14]} 72. f3 {[%emt 0:00:05] Ke4+ Kxe4} 1-0

[Event "WJCC U20 Girls 2019"]
[Site "New Delhi"]
[Date "2019.10.22"]
[Round "8.45"]
[White "Yaakub, Nov Genevia Pslam"]
[Black "Reid, Caitlin"]
[Result "1-0"]
[WhiteElo "1316"]
[BlackElo "1489"]
[Annotator "NA RC"]
[PlyCount "39"]
[EventDate "2019.10.15"]
[EventType "swiss"]
[EventCountry "IND"]
[SourceTitle "playchess.com"]
[Source "ChessBase"]
[SourceQuality "1"]
[TimeControl "40/5400+30:1800+30"]

1. e4 {[%emt 0:00:00]} c5 {[%emt 0:00:00]} 2. Nf3 {[%emt 0:00:00]} Nc6 {[%emt 0:00:53]} 3. d4 {[%emt 0:00:05]} cxd4 {[%emt 0:00:18]} 4. Nxd4 {[%emt 0:00:13]} g6 {[%emt 0:01:17]} 5. Nc3 {[%emt 0:02:47]} Bg7 {[%emt 0:00:10]} 6. Be3 {[%emt 0:01:58]} Nf6 {[%emt 0:00:32]} 7. Be2 {[%emt 0:01:58]} d5 {[%emt 0:01:22]} 8. exd5 {[%emt 0:03:20]} Nxd5 {[%emt 0:00:14]} 9. Nxc6 {[%emt 0:00:18]} bxc6 {[%emt 0:00:25]} 10. Nxd5 {[%emt 0:00:22]} cxd5 {[%emt 0:02:27]} 11. Bb5+ {[%emt 0:01:43]} Bd7 {[%emt 0:00:11]} 12. Qxd5 {[%emt 0:03:50]} Bxb2 {[%emt 0:08:11]} 13. Bxd7+ {[%emt 0:01:42]} Kf8 {[%emt 0:01:08]} 14. Rd1 {[%emt 0:04:33]} Kg7 {[%emt 0:00:53]} 15. Bd4+ {[%emt 0:02:07]} Bxd4 {[%emt 0:00:30]} 16. Rxd4 {[%emt 0:01:24]} Rb8 {[%emt 0:00:15]} 17. O-O {[%emt 0:02:10]} Qc7 {[%emt 0:00:18]} 18. Rc4 {[%emt 0:01:41]} Qb6 {[%emt 0:00:59]} 19. Qe5+ {[%emt 0:06:44]} Kh6 {[%emt 0:00:51]} 20. Rh4# {[%emt 0:00:18] Ra8} 1-0

[Event "WJCC U20 Girls 2019"]
[Site "New Delhi"]
[Date "2019.10.23"]
[Round "9.1"]
[White "Tsolakidou, Stavroula"]
[Black "Shuvalova, Polina"]
[Result "0-1"]
[WhiteElo "2431"]
[BlackElo "2412"]
[Annotator "TA"]
[PlyCount "158"]
[EventDate "2019.10.15"]
[EventType "swiss"]
[EventCountry "IND"]
[SourceTitle "playchess.com"]
[Source "ChessBase"]
[SourceQuality "1"]

{[%evp 22,158,25,8,11,8,13,13,6,13,8,2,0,0,4,0,-9,-10,-2,-5,-18,-7,0,-27,0,0,0,-77,-85,-75,0,-70,-78,-72,-32,-68,0,0,0,-5,0,-10,-2,-31,-46,-73,-77,-90,-95,-89,-90,-86,-89,-94,-90,-113,-95,-95,-18,-29,-26,-36,-8,-22,-44,-28,-28,-162,-179,-162,-131,-131,-126,-145,-173,-130,-130,-629,-625,-897,-915,-804,-858,-766,-740,-552,-129,-635,-478,-230,0,-119,-125,-1426,-1118,-1295,-1134,-1078,-1358,-1752,-1745,-1417,-1027,-897,-864,-1516,-1482,-1554,-1386,-1362,-1280,-1395,-1379,-668,0,-1187,-1143,-1056,-979,-1855,-1964,-2033,-2212,-2135,-2156,-2156,-1990,-1855,-1855,-1660,-1401,-1475,-1376,-2151,-845,-29974,-29977,-29971,-5069]} 1. Nf3 Nf6 2. c4 e6 3. g3 d5 4. Bg2 Be7 5. O-O O-O 6. d4 dxc4 7. Qc2 a6 8. a4 Bd7 9. Qxc4 Bc6 10. Bg5 Bd5 11. Qd3 c5 12. dxc5 Nbd7 {E05: Open Catalan: 5 Nf3 Be7} 13. Nc3 Nxc5 (13... Bc6 14. b4 a5 15. b5 Bxf3 16. Qxf3 Nxc5 17. Rfd1 Qb6 18. Be3 Rad8 19. h3 Rfe8 20. g4 {0-1 (40) Meier,G (2630)-Hammer,J (2630) chess.com INT 2017}) 14. Qe3 {Strongly threatening Bxf6.} Rc8 {The position is equal.} 15. Rfd1 h6 16. Bh4 $146 ({Predecessor:} 16. Nxd5 exd5 17. Bxf6 Bxf6 18. Ne5 Re8 19. f4 d4 20. Rxd4 Qb6 21. Bd5 Bxe5 22. fxe5 Ne6 23. Rd3 Qxb2 24. Rf1 Rc2 25. Rb3 {½-½ (25) Jepson,C (2319)-Lundberg,G (2287) ICCF email 2009}) 16... Re8 17. Ne5 Qc7 18. Bxf6 ({But not} 18. Bxd5 exd5 19. Nf3 Qd7 $17) 18... Bxf6 19. Ng4 Bxc3 $1 20. Qxc3 Bxg2 21. Kxg2 a5 22. Kg1 Na6 23. Qe3 Red8 24. Rac1 (24. Rdc1 $11 Nc5 25. Ne5) 24... Rxd1+ $17 25. Rxd1 Nb4 (25... Qc2 $17 26. Rd6 Qxb2) 26. Qd4 (26. Ne5 $11) 26... Qc2 $15 27. Qd7 Nd5 28. Rd4 Qc7 (28... Rc7 $1 $15 29. Qb5 Qf5) 29. Qxc7 $11 Rxc7 {[%mdl 4096] Endgame KRN-KRN} 30. e4 Nb4 31. Rd8+ Kh7 32. Ne5 f6 33. Ng4 Nc2 34. h4 h5 35. Nh2 Rc4 36. e5 fxe5 37. Nf3 Rxa4 38. Rd6 Nd4 39. Nxe5 b5 (39... Rb4 $17) 40. Kg2 Rb4 41. Nd3 $1 {[%cal Rd3b4]} Rc4 42. Ne5 Rc5 43. Nd3 Rd5 44. Rxd5 (44. Ra6 $11 {and White has nothing to worry.}) 44... exd5 {KN-KN} 45. Nf4 a4 46. Nxd5 Kg6 47. f3 Kf5 48. Kf2 Ke5 49. Nb4 $2 {[%mdl 8192]} (49. Nc3 $17) 49... Nf5 $19 50. g4 hxg4 51. fxg4 Nxh4 52. Ke3 g5 53. Kd3 Ng2 $2 (53... Kf4 $19 {is more deadly.} 54. Kd4 Kxg4) 54. Nc6+ $2 {[%mdl 8192] [#]} (54. Kc3 $17) 54... Kd5 $1 {[%cal Rd5c6]} 55. Nb4+ Ke5 (55... Kc5 $19 56. Na6+ Kd6) 56. Nc6+ $17 Kd6 57. Nb4 $2 {[%mdl 8192]} (57. Nd8 $17) 57... Nf4+ $19 58. Kd4 {[#]} Ne6+ $1 59. Kd3 Ke5 60. Na2 Nf4+ 61. Kc2 Kd4 62. Nc3 Kc4 63. Ne4 Ne6 64. Nd6+ Kc5 65. Ne4+ Kd4 66. Nc3 Kc4 67. Ne4 Kd4 (67... b4 $142 68. Nd6+ Kc5) 68. Nc3 $1 Nc7 69. Kd2 Ke5 70. Ne2 Ke4 71. Kc3 Ke3 72. Nc1 Nd5+ 73. Kc2 Kf4 74. Kd3 Kxg4 75. Kd4 Nc7 76. Nd3 Kf5 77. Kc5 g4 78. Nf2 g3 79. Nh3 Ke5 {Accuracy: White = 40%, Black = 69%.} (79... g2 $142 80. Ng1 Kg4 81. Kb4 Ne6 82. Ka5 Ng5 83. Ne2 Nh3 84. Kxb5 Kf3 85. Nc3 g1=Q 86. Nxa4 Qd4 87. b3 Qd3+ 88. Kb4 Nf4 89. Nb6 Qd6+ 90. Kb5 Ne6 91. Na4 Nc7+ 92. Ka5 Qc6 93. Nc3 Qc5+ 94. Ka4 Qxc3 95. Ka3 Ne6 96. Ka2 Nd4 97. Kb1 Qc2+ 98. Ka1 Nxb3#) 0-1

[Event "WJCC U20 Girls 2019"]
[Site "New Delhi"]
[Date "2019.10.23"]
[Round "9.2"]
[White "Alinasab, Mobina"]
[Black "Antova, Gabriela"]
[Result "1-0"]
[WhiteElo "2239"]
[BlackElo "2318"]
[Annotator "TA"]
[PlyCount "83"]
[EventDate "2019.10.15"]
[EventType "swiss"]
[EventCountry "IND"]
[SourceTitle "playchess.com"]
[Source "ChessBase"]
[SourceQuality "1"]

{[%evp 14,83,35,19,38,10,22,29,50,49,47,23,21,0,0,0,25,0,40,4,57,52,266,177,195,59,283,289,247,214,440,325,397,397,399,396,393,326,381,339,330,310,404,400,394,378,386,365,347,259,258,256,337,323,416,367,570,567,604,569,578,574,582,575,580,586,758,774,766,749,759,758]} 1. e4 c5 2. Nf3 d6 3. d4 cxd4 4. Nxd4 Nf6 5. Nc3 a6 6. Be2 e6 7. f4 Qc7 8. g4 b5 {B84: Sicilian Scheveningen: 6 Be2 a6, lines without early Be3} (8... d5 9. exd5 Bb4 10. dxe6 Bxc3+ 11. bxc3 Qxc3+ 12. Kf2 O-O 13. Rb1 fxe6 14. Rb3 Qc7 15. Rf1 Nc6 16. Nxc6 Qxc6 {1-0 (44) So,W (2780)-Wei,Y (2729) chess.com INT 2018}) 9. a3 (9. g5 $5 {[%cal Rg5f6]} Nfd7 10. a3 $14) 9... Bb7 10. Bf3 Nfd7 $146 {White has an edge.} ({Predecessor:} 10... e5 11. Nf5 Nfd7 12. O-O Nb6 13. fxe5 dxe5 14. Kh1 N8d7 15. Nd5 Nxd5 16. exd5 {1-0 (48) Kryakvin,D (2603)-Bocharov,D (2618) Irkutsk 2010}) 11. f5 e5 12. Nde2 Nb6 13. O-O N8d7 14. Ng3 d5 15. exd5 Bc5+ 16. Kg2 Nf6 (16... O-O-O $1 $11) 17. g5 $36 {[%mdl 2048] White has the initiative.} Ng8 $2 (17... Nfxd5 $1 $14 18. Nxd5 Bxd5) 18. f6 gxf6 {[#]} 19. Be4 (19. a4 $1 $18) 19... f5 $2 ({Black should try} 19... O-O-O $14) 20. Nxf5 $18 {Hoping for Ng7+.} O-O-O 21. Qf3 f6 $2 (21... Ne7 {keeps fighting.} 22. d6 Bxd6 23. Bxb7+ Qxb7) 22. Kh1 Kb8 {[#]} 23. d6 $1 {[%mdl 512]} Bxd6 24. Bxb7 Qxb7 25. Qxb7+ Kxb7 26. gxf6 Nxf6 27. Bg5 Nfd5 28. Bxd8 Rxd8 29. Nxd6+ Rxd6 30. Rf7+ Kc6 31. Ne4 ({Don't play} 31. Rxh7 Nxc3 32. bxc3 Rd2 $18) 31... Rh6 32. b3 Rh4 33. Re1 h6 34. Ng3 Rd4 (34... Nd7 $142 35. Nf5 Rf4 36. Nxh6 N5f6) 35. Rxe5 {White is clearly winning.} Nf4 36. Rf6+ Kc7 {( -> ...Rd1+)} 37. Re1 Nbd5 38. Rxh6 Rd2 39. c4 Ne3 40. Nf1 Rd1 41. Rxd1 Nxd1 42. Nd2 {Accuracy: White = 66%, Black = 19%.} 1-0

[Event "WJCC U20 Girls 2019"]
[Site "New Delhi"]
[Date "2019.10.23"]
[Round "9.3"]
[White "Berdnyk, Mariia"]
[Black "Divya Deshmukh"]
[Result "1-0"]
[WhiteElo "2349"]
[BlackElo "2358"]
[Annotator "ChessBase"]
[PlyCount "65"]
[EventDate "2019.10.15"]
[EventType "swiss"]
[EventCountry "IND"]
[SourceTitle "playchess.com"]
[Source "ChessBase"]
[SourceQuality "1"]
[TimeControl "40/5400+30:1800+30"]

1. d4 {[%emt 0:00:00]} Nf6 {[%emt 0:00:00]} 2. c4 {[%emt 0:00:00]} e6 {[%emt 0:00:00]} 3. g3 {[%emt 0:00:00]} d5 {[%emt 0:00:00]} 4. Nf3 {[%emt 0:00:00]} dxc4 {[%emt 0:00:00]} 5. Bg2 {[%emt 0:01:39]} a6 {[%emt 0:00:00]} 6. O-O {[%emt 0:09:42]} Nc6 {[%emt 0:00:06]} 7. e3 {[%emt 0:08:09]} Rb8 {[%emt 0:00:10]} 8. Nfd2 {[%emt 0:00:40]} e5 {[%emt 0:00:09]} 9. Nxc4 {[%emt 0:00:54]} exd4 {[%emt 0:06:58]} 10. exd4 {[%emt 0:02:20]} Nxd4 {[%emt 0:05:54]} 11. Bf4 {[%emt 0:02:28]} Bc5 {[%emt 0:11:20]} 12. Re1+ {[%emt 0:04:29]} Be6 {[%emt 0:11:43]} 13. Na5 {[%emt 0:03:18]} O-O {[%emt 0:16:55]} 14. Nc3 {[%emt 0:04:43]} Nd5 {[%emt 0:13:43]} 15. Be5 {[%emt 0:06:58]} Bb6 {[%emt 0:17:03]} 16. Bxd4 {[%emt 0:06:39]} Bxa5 {[%emt 0:01:28]} 17. Nxd5 {[%emt 0:04:52]} Bxd5 {[%emt 0:01:19]} 18. Bxd5 {[%emt 0:04:12]} Bxe1 {[%emt 0:02:11]} 19. Qg4 {[%emt 0:02:23]} g6 {[%emt 0:00:11]} 20. Bb3 {[%emt 0:01:55]} Bd2 {[%emt 0:03:51]} 21. Rd1 {[%emt 0:00:52]} Qg5 22. Qe2 {[%emt 0:02:58]} c5 {[%emt 0:02:21]} 23. Be5 {[%emt 0:02:20]} Ba5 24. Bxb8 {[%emt 0:04:05]} Rxb8 {[%emt 0:05:33]} 25. Rd7 {[%emt 0:00:26]} Kh8 {[%emt 0:00:56]} 26. Rxf7 {[%emt 0:00:56]} c4 {[%emt 0:00:29]} 27. Qxc4 {[%emt 0:01:47]} Rd8 {[%emt 0:00:22]} 28. Rd7 {[%emt 0:06:58]} Qf6 {[%emt 0:00:11]} 29. Rxd8+ {[%emt 0:01:54]} Qxd8 {[%emt 0:00:02]} 30. Qd5 {[%emt 0:01:08]} h5 {[%emt 0:01:33]} 31. Qf7 {[%emt 0:02:00]} Bb6 {[%emt 0:00:27]} 32. Qxg6 {[%emt 0:00:25]} Qf8 {[%emt 0:00:29]} 33. Qxb6 {[%emt 0:00:07]} 1-0

[Event "WJCC U20 Girls 2019"]
[Site "New Delhi"]
[Date "2019.10.23"]
[Round "9.4"]
[White "Assaubayeva, Bibisara"]
[Black "Priyanka Nutakki"]
[Result "1/2-1/2"]
[WhiteElo "2381"]
[BlackElo "2248"]
[Annotator "ChessBase"]
[PlyCount "141"]
[EventDate "2019.10.15"]
[EventType "swiss"]
[EventCountry "IND"]
[SourceTitle "playchess.com"]
[Source "ChessBase"]
[SourceQuality "1"]
[TimeControl "40/5400+30:1800+30"]

1. d4 {[%emt 0:00:00]} d5 {[%emt 0:00:00]} 2. c4 {[%emt 0:00:00]} e6 {[%emt 0:00:00]} 3. Nc3 {[%emt 0:00:26]} Nf6 {[%emt 0:00:00]} 4. Bg5 {[%emt 0:01:51]} Be7 {[%emt 0:00:08]} 5. Nf3 {[%emt 0:03:03]} O-O {[%emt 0:00:35]} 6. e3 {[%emt 0:00:09]} Nbd7 {[%emt 0:00:29]} 7. Qc2 {[%emt 0:04:06]} a6 {[%emt 0:04:39]} 8. cxd5 {[%emt 0:02:18]} exd5 {[%emt 0:00:40]} 9. Bd3 {[%emt 0:00:25]} c6 {[%emt 0:02:45]} 10. O-O {[%emt 0:01:34]} Re8 {[%emt 0:00:22]} 11. h3 {[%emt 0:02:06]} Nf8 {[%emt 0:02:33]} 12. Rae1 {[%emt 0:05:12]} g6 {[%emt 0:10:21]} 13. Ne5 {[%emt 0:04:35]} Ne6 {[%emt 0:01:51]} 14. Bh4 {[%emt 0:06:28]} Ng7 {[%emt 0:02:06]} 15. Na4 {[%emt 0:12:11]} Bf5 {[%emt 0:03:33]} 16. Nc5 {[%emt 0:03:19]} Bxd3 {[%emt 0:13:42]} 17. Nexd3 {[%emt 0:01:20]} Ra7 {[%emt 0:05:47]} 18. Qb3 {[%emt 0:04:50]} Ne4 {[%emt 0:13:45]} 19. Bxe7 {[%emt 0:01:53]} Rxe7 {[%emt 0:00:22]} 20. Nxe4 {[%emt 0:01:54]} Rxe4 {[%emt 0:03:35]} 21. Ne5 {[%emt 0:04:46]} Rh4 {[%emt 0:07:34]} 22. f4 {[%emt 0:05:03]} Nf5 {[%emt 0:02:12]} 23. Kh2 {[%emt 0:04:46]} Nd6 {[%emt 0:10:25]} 24. Qc2 {[%emt 0:08:22]} Ne4 {[%emt 0:04:31]} 25. Nf3 {[%emt 0:06:44]} Rh6 {[%emt 0:00:51]} 26. Nd2 {[%emt 0:04:24]} Nd6 {[%emt 0:03:21]} 27. e4 {[%emt 0:01:31]} dxe4 {[%emt 0:01:04]} 28. Nxe4 {[%emt 0:00:13]} Ra8 {[%emt 0:03:24]} 29. Qb3 {[%emt 0:03:28]} Rb8 {[%emt 0:01:47]} 30. Ng5 {[%emt 0:01:02]} Qf6 {[%emt 0:01:27]} 31. d5 {[%emt 0:01:09]} cxd5 {[%emt 0:00:17]} 32. Qxd5 {[%emt 0:00:06]} Rh5 {[%emt 0:00:46]} 33. Rd1 {[%emt 0:03:08]} Nf5 {[%emt 0:00:56]} 34. Qb3 {[%emt 0:01:35]} Re8 {[%emt 0:00:40]} 35. Rd7 {[%emt 0:02:41]} Re7 {[%emt 0:00:18]} 36. Rxb7 {[%emt 0:00:48]} Rxg5 {[%emt 0:00:40]} 37. Rb8+ {[%emt 0:00:25]} Kg7 {[%emt 0:00:01]} 38. fxg5 {[%emt 0:00:12]} Qd6+ {[%emt 0:00:27]} 39. Kg1 {[%emt 0:00:05]} Qd4+ {[%emt 0:00:54]} 40. Kh1 {[%emt 0:00:01]} Re3 {[%emt 0:00:16]} 41. Qb4 {[%emt 0:03:38]} Ng3+ {[%emt 0:05:24]} 42. Kg1 {[%emt 0:00:01]} Qxb4 {[%emt 0:00:23]} 43. Rxb4 {[%emt 0:00:02]} Nxf1 {[%emt 0:00:06]} 44. Kxf1 {[%emt 0:00:02]} Re5 {[%emt 0:00:29]} 45. h4 {[%emt 0:01:14]} h6 {[%emt 0:02:09]} 46. gxh6+ {[%emt 0:00:16]} Kxh6 {[%emt 0:00:01]} 47. Kf2 {[%emt 0:02:04]} Kh5 {[%emt 0:03:02]} 48. a4 {[%emt 0:03:36]} f5 {[%emt 0:04:08]} 49. b3 {[%emt 0:03:49]} Rc5 {[%emt 0:03:42]} 50. Rc4 {[%emt 0:01:50]} Rd5 {[%emt 0:00:11]} 51. b4 {[%emt 0:01:03]} Rd2+ {[%emt 0:00:57]} 52. Kf3 {[%emt 0:02:35]} Ra2 {[%emt 0:01:51]} 53. a5 {[%emt 0:00:58]} Rb2 {[%emt 0:01:44]} 54. g3 {[%emt 0:02:09]} Rb3+ {[%emt 0:02:05]} 55. Kg2 {[%emt 0:01:13]} Rb2+ {[%emt 0:01:57]} 56. Kh3 {[%emt 0:00:16]} g5 {[%emt 0:04:03]} 57. hxg5 {[%emt 0:00:03]} Kxg5 {[%emt 0:00:03]} 58. Rf4 {[%emt 0:07:13]} Rd2 {[%emt 0:00:31]} 59. Rc4 {[%emt 0:01:13]} Rb2 {[%emt 0:00:02]} 60. Rd4 {[%emt 0:00:08]} Kh5 {[%emt 0:00:48]} 61. Rd6 {[%emt 0:01:54]} Rxb4 {[%emt 0:00:06]} 62. Rxa6 {[%emt 0:00:01]} Ra4 {[%emt 0:00:05]} 63. Ra8 {[%emt 0:00:44]} Kh6 {[%emt 0:00:57]} 64. Kg2 {[%emt 0:00:13]} Ra3 {[%emt 0:00:12]} 65. a6 {[%emt 0:02:26]} Kg7 {[%emt 0:00:33]} 66. Kf2 {[%emt 0:00:15]} Kh7 {[%emt 0:00:15]} 67. a7 {[%emt 0:00:50]} Kg7 {[%emt 0:00:07]} 68. Kg2 {[%emt 0:00:15]} Kh7 {[%emt 0:00:08]} 69. Rf8 {[%emt 0:00:48]} Rxa7 {[%emt 0:00:06]} 70. Rxf5 {[%emt 0:00:06]} Kg6 {[%emt 0:00:08]} 71. Kf3 1/2-1/2

[Event "WJCC U20 Girls 2019"]
[Site "New Delhi"]
[Date "2019.10.23"]
[Round "9.5"]
[White "Protopopova, Anastasiya"]
[Black "Dordzhieva, Dinara"]
[Result "0-1"]
[WhiteElo "2263"]
[BlackElo "2335"]
[Annotator "TA"]
[PlyCount "78"]
[EventDate "2019.10.15"]
[EventType "swiss"]
[EventCountry "IND"]
[SourceTitle "playchess.com"]
[Source "ChessBase"]
[SourceQuality "1"]

{[%evp 14,122,14,8,108,64,73,61,57,62,78,69,85,56,63,56,73,72,88,74,87,73,75,48,92,97,87,79,80,77,77,77,81,74,82,76,89,41,47,26,33,0,0,0,0,-13,8,6,8,0,6,-14,13,12,16,-21,0,0,0,-21,0,-9,-13,-50,-54,-202,-203,-161,-166,-213,-211,-215,-209,-265,-260,-249,-268,-263,-272,-325,-337,-317,-320,-519,-519,-519,-517,-595,-572,-596,-593,-574,-409,-364,-364,-572,-570,-736,-616,-597,-528,-1367,-1352,-1291,-1262,-1285,-1260,-29987,-1177,-29989,-29990]} 1. d4 Nf6 2. c4 e6 3. Nc3 c5 4. Nf3 cxd4 5. Nxd4 Nc6 6. g3 Qb6 7. Ndb5 Ne5 8. Bg2 {Threatening Be3.} Nfg4 {A33: Symmetrical English: 2 Nf3 Nf6 3 d4 cxd4 4 Nxd4 e6 5 Nc3 Nc6} (8... a6 $11 {keeps the balance.} 9. Qa4 Bc5) (8... a6 9. Na4 Qd8 10. Nbc3 Nxc4 11. b3 Ne5 12. Be3 d5 13. Bb6 Qd6 14. Bc5 Qd8 15. Bb6 Qd6 16. Bc5 Qd8 17. Bb6 {½-½ (17) Wojtaszek,R (2722)-Gelfand,B (2655) Prague 2019}) 9. e3 $146 (9. O-O {is more complex.} a6 10. Na4 Qa5 11. Nbc3 Nxc4 12. Qd4) ({Predecessor:} 9. O-O a6 10. Qa4 Rb8 11. Na3 Bxa3 12. Qxa3 Nxc4 13. Qa4 Nge5 14. b3 Qd4 15. bxc4 Qxc3 16. Bf4 {½-½ (25) Mira,H (2053)-Menezes,C (2395) Innsbruck 2017}) 9... a6 10. Nd4 Nf6 {White is slightly better.} 11. b3 Be7 12. O-O d6 13. Ba3 O-O 14. Qd2 Qa5 15. Nc2 Qc7 16. Rac1 Rb8 17. Nd4 Rd8 18. Na4 (18. f4 {with more complications.} Ng6 19. Na4 Bd7 20. c5 dxc5 21. Nxc5 Qb6 22. Bb4) 18... Nc6 19. Nxc6 bxc6 20. Bb4 Re8 21. Rfd1 {[%cal Rb4d6]} c5 22. Ba5 Qa7 23. Nc3 Bb7 24. e4 Qa8 {[%cal Rf6e4]} 25. Qf4 Rbc8 26. Na4 {aiming for Nb6.} Nd7 27. Bc3 Bc6 28. Qg4 {[%csl Gc3][%cal Rg4g7] [#]} e5 29. Qe2 Qb7 30. Bh3 Rb8 31. Nb2 Nf8 32. Re1 Ne6 33. Bxe6 $1 fxe6 34. Qg4 Bf8 35. Nd3 a5 36. Rb1 Qd7 37. Red1 {Black must now prevent Nxe5!} Qa7 38. a4 Rb6 39. Ne1 (39. Re1 $15) 39... Qa8 {Played: Qa7-b7} 0-1